000 00200 a2200097 4500
001 11806
100 _a
245 _aEveryman's united nations
260 _a
_bUnited Nations
_c
090 _c9062
_d9062
942 _aNUST-CAE
_cM
_c35892
999 _c246879
_d246879